Представление документа в формате RUSMARC

ПолеНазваниеЗначение
  Тип записи a
  Библиографический уровень m
001 Контрольный номер UONB/MAIN/75fbba76d9b248cf8e7cdeedafbe7516
005 Дата корректировки 20241115093049.0
010 Индекс ISBN __
b Уточнения в пер.
100 Данные общей обработки __
a Данные общей обработки 20240611d2023 u y0rusy0189 ca
101 Язык документа 0_
a Язык текста rus
102 Страна публикации __
a Страна публикации RU
105 Кодированные данные (монография) __
a Кодированные данные (монография) a z 000ay
200 Заглавие и сведения об ответственности 1_
a Заглавие Т. 2
210 Выходные данные 1_
d Дата издания 2023
215 Физическое описание __
a Объем 237 с.
c Иллюстрации/тип воспроизводства ил.
300 Общие примечания __
a Общие примечания 18+
461 Уровень набора _0
1 2001
a Остаться и жить...
f А. Г. Твердохлебов
v Т. 2
1 2101
a Кузоватово
c ИП Кошмин А.С.
d 2019 -
1 001RU/УОНБ/EK/648320910
606 Тематические рубрики 0_
a Основная рубрика Проза (х. л.)
610 Ключевые слова 0_
a Ключевые слова проза русская
686 Индексы других классификаций __
a Классификационный индекс 84Р2-4
2 Код системы rubbk
801 Источник записи _0
a Страна RU
b Организация Ульяновская ОНБ
c Дата составления 20240611
g Правила каталогизации RCR
801 Источник записи _1
a Страна RU
b Организация Ульяновская ОНБ
c Дата составления 20240611
g Правила каталогизации RCR
900 Электронные ресурсы __
a Имя электронного ресурса ГостиСК20240181
900 Электронные ресурсы __
a Имя электронного ресурса ГостиСК20240182
901 Тип документа __
t Тип документа n
w Контрольный № источника RU/УОНБ/EK/648320910
909 Создатель записи __
a Создатель записи Егорова Э. А.
b Дата создания записи 20240611
910 Корректоры записи __
a Корректор записи Пряхина
b Дата внесения изменения в запись 20241115